Молодежь как основа социо-гуманитарного потенциала России; Экономика России в XXI веке; Т. 2
| Parent link: | Экономика России в XXI веке: сборник научных трудов XI Международной научно-практической конференции "Экономические науки и прикладные исследования: фундаментальные проблемы модернизации экономики России", посвященной 110-летию экономического образования в Томском политехническом университете, г. Томск, 18-22 ноября 2014 г./ Национальный исследовательский Томский политехнический университет (ТПУ) ; ред. кол. Г. А. Барышева [и др.].— , 2014 Т. 2.— 2014.— [С. 337-340] |
|---|---|
| Κύριος συγγραφέας: | |
| Συγγραφή απο Οργανισμό/Αρχή: | |
| Άλλοι συγγραφείς: | |
| Περίληψη: | Заглавие с титульного экрана Статья посвящена периоду становления молодежи в момент модернизации. Проведен анализ молодежных проблем как социально-демографической группы в контексте социально-культурного подхода. В заключение описаны характеристики рекреационной активности современной молодежи. |
| Γλώσσα: | Ρωσικά |
| Έκδοση: |
2014
|
| Σειρά: | Социально-гуманитарные аспекты модернизации экономики России |
| Θέματα: | |
| Διαθέσιμο Online: | http://www.lib.tpu.ru/fulltext/c/2014/C40/V2/068.pdf |
| Μορφή: | Ηλεκτρονική πηγή Κεφάλαιο βιβλίου |
| KOHA link: | https://koha.lib.tpu.ru/cgi-bin/koha/opac-detail.pl?biblionumber=610389 |
MARC
| LEADER | 00000naa2a2200000 4500 | ||
|---|---|---|---|
| 001 | 610389 | ||
| 005 | 20260403090709.0 | ||
| 035 | |a (RuTPU)RU\TPU\conf\7995 | ||
| 035 | |a RU\TPU\conf\7993 | ||
| 090 | |a 610389 | ||
| 100 | |a 20150121d2014 k y0rusy50 ca | ||
| 101 | 0 | |a rus | |
| 102 | |a RU | ||
| 135 | |a drgn ---uucaa | ||
| 181 | 0 | |a i | |
| 182 | 0 | |a b | |
| 200 | 1 | |a Молодежь как основа социо-гуманитарного потенциала России |f А. А. Портнягина, С. Н. Сискович | |
| 203 | |a Текст |c электронный | ||
| 225 | 1 | |a Социально-гуманитарные аспекты модернизации экономики России | |
| 300 | |a Заглавие с титульного экрана | ||
| 330 | |a Статья посвящена периоду становления молодежи в момент модернизации. Проведен анализ молодежных проблем как социально-демографической группы в контексте социально-культурного подхода. В заключение описаны характеристики рекреационной активности современной молодежи. | ||
| 337 | |a Adobe Reader | ||
| 461 | 1 | |0 (RuTPU)RU\TPU\conf\7533 |t Экономика России в XXI веке |o сборник научных трудов XI Международной научно-практической конференции "Экономические науки и прикладные исследования: фундаментальные проблемы модернизации экономики России", посвященной 110-летию экономического образования в Томском политехническом университете, г. Томск, 18-22 ноября 2014 г. |o в 2 т. |f Национальный исследовательский Томский политехнический университет (ТПУ) ; ред. кол. Г. А. Барышева [и др.] |d 2014 | |
| 463 | 0 | |0 (RuTPU)RU\TPU\conf\7539 |t Т. 2 |v [С. 337-340] |d 2014 | |
| 610 | 1 | |a труды учёных ТПУ | |
| 610 | 1 | |a электронный ресурс | |
| 610 | 1 | |a молодежь | |
| 610 | 1 | |a социо-гуманитарный потенциал | |
| 610 | 1 | |a Россия | |
| 610 | 1 | |a модернизация | |
| 610 | 1 | |a активность | |
| 700 | 1 | |a Портнягина |b А. А. |c специалист в области менеджмента |c менеджер Томского политехнического университета |f 1991- |g Арина Аркадиевна |3 (RuTPU)RU\TPU\pers\33379 | |
| 701 | 1 | |a Сискович |b С. Н. | |
| 712 | 0 | 2 | |a Национальный исследовательский Томский политехнический университет (ТПУ) |b Институт природных ресурсов (ИПР) |b Центр подготовки и переподготовки специалистов нефтегазового дела (ЦППС НД) |b Лаборатория геологии месторождений нефти и газа (ЛГМНГ) |3 (RuTPU)RU\TPU\col\19125 |
| 801 | 2 | |a RU |b 63413507 |c 20150121 |g RCR | |
| 856 | 4 | |u http://www.lib.tpu.ru/fulltext/c/2014/C40/V2/068.pdf | |
| 942 | |c BK | ||